| 000 | 01187cam a22002771 4500 | ||
|---|---|---|---|
| 001 | sa 68006836 | ||
| 003 | DLC | ||
| 005 | 20260227112519.0 | ||
| 008 | 711020m19599999ii 000 0 eng | ||
| 010 | _asa 68006836 | ||
| 040 |
_aDLC _cDLC _dDLC |
||
| 043 | _aa-ii--- | ||
| 050 | 0 | 0 |
_aHJ66.M34 _bB348 |
| 110 | 1 |
_aMadras (India : State). _bFinance Department. |
|
| 245 | 1 | 0 |
_aSecond five-year plan; _bprogramme. |
| 260 |
_aMadras, _bPrinted by the Controller of Stationery and Print., on behalf of the Govt. of Madras, _c1959- |
||
| 300 |
_av. _c34 cm. |
||
| 500 | _aCover title. | ||
| 500 | _aImperfect set: t.p. for vol. 4. wanting; title from Indian national bibliography, Jan.-Mar. 1959. | ||
| 500 | _aEach vol. accompanied by a "narrative note." | ||
| 500 | _a"Supplement to the detailed budget estimates." | ||
| 505 | 1 | _a--[4] Programme for 1959-60.--[5, pt. 1] Programme for 1960-61.--[5, pt. 2] Revised estimate, 1960-61 and the actuals for four years, 1956-57 to 1959-60. | |
| 650 | 0 |
_aBudget _zTamil Nadu. |
|
| 651 | 0 |
_aTamil Nadu (India) _xEconomic policy. |
|
| 710 | 1 |
_aMadras (India : State). _bFinance Department. _tDemands for grants and detailed budget estimates. |
|
| 999 |
_c81560 _d81560 |
||